| 000 | 00619nam a22002177a 4500 | ||
|---|---|---|---|
| 003 | OSt | ||
| 005 | 20150114152509.0 | ||
| 008 | 150114b xxu||||| |||| 00| 0 eng d | ||
| 020 | _a0443050783 | ||
| 040 | _cDNLM | ||
| 082 | _aWB 100 O2m 1997 | ||
| 100 |
_aO'Neil Paul _92205 |
||
| 245 |
_aMedicine: _bA core text with Self-assessment / _cPaul O'Neil, Tim Dornan, David W. Denning |
||
| 260 |
_aUSA : _bChurchill Livingstone ; _c1997. |
||
| 300 |
_a399 p : _bill ; _c30 cm |
||
| 504 | _aIncludes index | ||
| 650 |
_aMedicine _9324 |
||
| 700 |
_aDornana Tim _92430 |
||
| 700 |
_aDenning David W. _92431 |
||
| 942 |
_2z _cSLOAN |
||
| 999 |
_c902 _d902 |
||